Mistrzowie Polski w siatkówce - Statystyki

Ogólne statystyki
  • Ten quiz został rozwiązany 30 razy
  • Średni wynik to 39 z 88
Statystyki odpowiedzi
Rok Zwycięzca % Poprawnych
1998 ZAKSA Kędzierzyn-Koźle
96%
2000 ZAKSA Kędzierzyn-Koźle
96%
2001 ZAKSA Kędzierzyn-Koźle
96%
2002 ZAKSA Kędzierzyn-Koźle
96%
2003 ZAKSA Kędzierzyn-Koźle
96%
2016 ZAKSA Kędzierzyn-Koźle
96%
2017 ZAKSA Kędzierzyn-Koźle
96%
2019 ZAKSA Kędzierzyn-Koźle
96%
2022 ZAKSA Kędzierzyn-Koźle
96%
2004 Jastrzębski Węgiel
93%
2021 Jastrzębski Węgiel
93%
2023 Jastrzębski Węgiel
93%
2024 Jastrzębski Węgiel
93%
1971 Resovia
89%
1972 Resovia
89%
1974 Resovia
89%
1975 Resovia
89%
2012 Resovia
89%
2013 Resovia
89%
2015 Resovia
89%
2005 Skra Bełchatów
86%
2006 Skra Bełchatów
86%
2007 Skra Bełchatów
86%
2008 Skra Bełchatów
86%
2009 Skra Bełchatów
86%
2010 Skra Bełchatów
86%
2011 Skra Bełchatów
86%
2014 Skra Bełchatów
86%
2018 Skra Bełchatów
86%
2025 Bogdanka LUK Lublin
75%
1973 AZS Olsztyn
46%
1976 AZS Olsztyn
46%
1978 AZS Olsztyn
46%
1991 AZS Olsztyn
46%
1992 AZS Olsztyn
46%
1962 Legia Warszawa
46%
1964 Legia Warszawa
46%
1967 Legia Warszawa
46%
1969 Legia Warszawa
46%
1970 Legia Warszawa
46%
1983 Legia Warszawa
46%
1984 Legia Warszawa
46%
1986 Legia Warszawa
46%
1990 AZS Częstochowa
43%
1985 Stal Stocznia Szczecin
43%
1987 Stal Stocznia Szczecin
43%
1931 Łódzki KS
39%
1932 Łódzki KS
39%
1980 Gwardia Wrocław
21%
1981 Gwardia Wrocław
21%
1982 Gwardia Wrocław
21%
1977 Płomień Milowice
21%
1979 Płomień Milowice
21%
1930 AZS Warszawa
18%
1934 AZS Warszawa
18%
1935 AZS Warszawa
18%
1947 AZS Warszawa
18%
1949 AZS Warszawa
18%
1933 Cracovia
18%
1937 Polonia Warszawa
18%
1952 AZS-AWF Warszawa
7%
1953 AZS-AWF Warszawa
7%
1954 AZS-AWF Warszawa
7%
1955 AZS-AWF Warszawa
7%
1956 AZS-AWF Warszawa
7%
1957 AZS-AWF Warszawa
7%
1958 AZS-AWF Warszawa
7%
1959 AZS-AWF Warszawa
7%
1960 AZS-AWF Warszawa
7%
1961 AZS-AWF Warszawa
7%
1963 AZS-AWF Warszawa
7%
1965 AZS-AWF Warszawa
7%
1966 AZS-AWF Warszawa
7%
1968 AZS-AWF Warszawa
7%
1948 AZS Wrocław
7%
1950 AZS Wrocław
7%
1993 AZS Yawal Częstochowa
7%
1994 AZS Yawal Częstochowa
7%
1995 AZS Yawal Częstochowa
7%
1997 AZS Yawal Częstochowa
7%
1999 AZS Yawal Częstochowa
7%
1988 Hutnik Kraków
7%
1989 Hutnik Kraków
7%
1996 Kazimierz Płomień Sosnowiec
7%
1939 Sokół Lwów
7%
1938 AZS Wilno
4%
1946 Społem Warszawa
4%
1929 YMCA Łódź
4%
Nie znaleziono quizów pasujących do podanych kryteriów
Rozkład punktacji
Procent ludzi z każdym wynikiem
Percentyl według liczby udzielonych odpowiedzi
Twoja historia wyników
Nie rozwiązałeś tego quizu